000 01380nam a2200265Ia 4500
999 _c38516
_d38516
001 4617
003 GE_BSU
005 20190515205506.0
008 181216s1982||||ge |||||||||||||| ||geo||
040 _cGE_BSU
041 _ageo
080 _a531.1(072 )ა–38
100 _aაიზენბერგი,ტ
_91208
245 _aმეთოდური მითითებანი თეორიული მექანიკის ამოცანების ამოსახსნელად :(დინამიკა) /
_cტ. აიზენბერგი ; ვ. ვორონკოვი; ვ. ოსეცკი ; რედ : გოგუაძე; ი ვორონკოვის რედაქციით.
250 _aთარგმანი მეექვსე რუსული გამოცემიდან.
264 _aთბილისი :
_bგანათლება,
_c1982.
300 _a214 გვ . ;
_bილ ;
_c22 სმ.
653 _aთეორიული მექანიკა
653 _aფიზიკა
700 _aვორონკოვი, ვ.
_91209
700 _aოსეცკი, ვ
_91210
700 _a გოგუაძე, ი
_eრედაქტორი
_91211
700 _a ვორონკოვი, ი
_eრედაქციით
_91212
942 _cBK
_2udc